Представление документа в формате MARC21

ПолеНазваниеЗначение
  Тип записи a
  Библиографический уровень m
001 Контрольный номер RU/URAIT/585460
005 Дата корректировки 20260429163709.3
008 Кодируемые данные 260429s2026 RU y f j 000 0 rus u
020 Индекс ISBN __
a ISBN 978-5-534-04103-3
c Цена, тираж 1499.00
040 Источник каталогиз. __
a Служба первич. каталог. ИКО Юрайт
c Служба, преобразующая запись ИКО Юрайт
e Правила каталог. RCR
041 Код языка издания __
a Код языка текста rus
044 Код страны публикации __
a Код страны публикации RU
080 Индекс УДК __
a Индекс УДК 519.85(075.8)
084 Индекс другой классификации/Индекс ББК __
2 Источник индекса rubbk
a Индекс другой классификации/Индекс ББК 22.18я73
100 Автор __
a Автор Черняк А. А.
q Полное имя Черняк Аркадий Александрович
245 Заглавие __
a Заглавие Методы оптимизации: теория и алгоритмы
b Продолж. заглавия учебник для вузов
c Ответственность А. А. Черняк, Ж. А. Черняк, Ю. М. Метельский, С. А. Богданович.
250 Сведения об издании __
g испр. и доп
a Основные сведения об издании 2-е изд.
256 Характеристики компьютерного файла __
a Характеристики компьютерного файла Электрон. дан.
260 Выходные данные __
a Место издания Москва
b Издательство Юрайт
c Дата издания 2026
300 Физическое описание __
a Объем 354 с
440 Серия __
a Серия Высшее образование
500 Примечания __
a Примечание URL: https://urait.ru/bcode/585460 (дата обращения: 29.04.2026).
520 Аннотация __
a Аннотация В учебном пособии рассмотрены различные вопросы дисциплины «Математическое программирование». Помимо традиционных разделов в книге представлены современные: фундаментальный алгоритм полиномиального решения задач линейной оптимизации, регуляризация неустойчивых задач оптимизации, введение в теорию полиномиальной сводимости и NP-полноты. В пособии содержатся строгие доказательства достаточно сложных теорем математического программирования, а в изложении ряда разделов, уже ставших традиционными, предложены новые подходы. В каждой главе материал излагается на двух уровнях, разных по сложности.
538 Прим. о системных особенностях __
a Прим. о системных особенностях Режим доступа: Электронно-библиотечная система Юрайт, для авториз. пользователей
653 Ключевые слова __
a Ключевые слова Математика: общие работы
653 Ключевые слова __
a Ключевые слова Математика и статистика
653 Ключевые слова __
a Ключевые слова Методы оптимизации
653 Ключевые слова __
a Ключевые слова Теория алгоритмов
653 Ключевые слова __
a Ключевые слова Математические методы моделирования
653 Ключевые слова __
a Ключевые слова Методы оптимальных решений
653 Ключевые слова __
a Ключевые слова Методы и теория оптимизации
653 Ключевые слова __
a Ключевые слова Теория оптимизации
653 Ключевые слова __
a Ключевые слова Математическое программирование и оптимизация систем
653 Ключевые слова __
a Ключевые слова Введение в методы оптимизации
700 Другие авторы __
a Другие авторы Черняк Ж. А.
q Полное имя Черняк Жанна Альбертовна
700 Другие авторы __
a Другие авторы Метельский Ю. М.
q Полное имя Метельский Юрий Михайлович
700 Другие авторы __
a Другие авторы Богданович С. А.
q Полное имя Богданович Сергей Адамович
856 Электронный адрес документа 40
n Местонахождение сервера Юрайт
g Электронная книга
q Тип электронного формата html
h Имя пользователя ЮРАЙТ
v Часы доступа к ресурсу 20271231
2 Способ доступа Показать документ
x Служебное примечание https://urait.ru/book/cover/EA4EBA18-A5AA-4390-B181-92F378578E89
u URL https://urait.ru/bcode/585460
856 Электронный адрес документа 48
q Тип электронного формата cover
u URL https://urait.ru/book/cover/EA4EBA18-A5AA-4390-B181-92F378578E89
911 __
u 0030=https://urait.ru/bcode/585460
911 __
u 073a=9785534041033
u 073d=1499.00
911 __
u 106a=s
911 __
u 900l=
952 Тип литературы __
i Дисциплина Методы оптимизации
952 Тип литературы __
i Дисциплина Теория алгоритмов
952 Тип литературы __
i Дисциплина Математические методы моделирования
952 Тип литературы __
i Дисциплина Методы оптимальных решений
952 Тип литературы __
i Дисциплина Методы и теория оптимизации
952 Тип литературы __
i Дисциплина Теория оптимизации
952 Тип литературы __
i Дисциплина Математическое программирование и оптимизация систем
952 Тип литературы __
i Дисциплина Введение в методы оптимизации